| 000 | 01988nam a22002537a 4500 | ||
|---|---|---|---|
| 999 |
_c61847 _d61847 |
||
| 003 | Ge_BSU | ||
| 005 | 20240527133827.0 | ||
| 008 | 240527s2024 ge ||||| |||| 00| 0 geo d | ||
| 020 | _a9789941488856 | ||
| 041 | _ageo | ||
| 080 | _a664(075.8):006 გ-22 | ||
| 100 |
_aგაფრინდაშვილი,ინგა _922184 |
||
| 245 |
_aკვების პროდუქტების სტანდარტიზაცია და სერტიფიკაცია : _bსახელმძღვანელო / _cინგა გაფრინდაშვილი, ალეკო კალანდია, დარეჯან ჩიქოვანი, რედ. დოდო აბულაძე |
||
| 264 |
_aბათუმი: _bბათუმის შოთა რუსთაველის სახელმქიფო უნივერსიტეტი, _c2024. |
||
| 300 |
_a126 გვ; _bცხრ; _c24 სმ. |
||
| 504 | _aბიბლიოგრაფიული გვ:123-124 | ||
| 653 | _aკვების პროდუქტების სტანდარტიზაცია | ||
| 653 | _aკვების პროდუქტების სერტიფიკაცია | ||
| 700 |
_aკალანდია, ალეკო _92893 |
||
| 700 |
_aჩიქოვანი, დარეჯან _910545 |
||
| 700 |
_aაბულაძე, დარეჯან _eრედაქტორი _922185 |
||
| 710 |
_aბათუმის შოთა რუსთაველის სახელმწიფო უნივერსიტეტი ტექნოლოგიური ფაკულტეტი, აგროტექნოლოგიისა და აგროინჟინერიის დეპარტამენტი, აგრალური და მემბრანული ტექნოლოგიების ინსტიტუტი _922190 |
||
| 942 |
_2udc _cBK |
||